London Underground Stations - Sudden Death - Statistics

General Stats
  • This quiz has been taken 90 times
    89 since last reset
  • The average score is 12 of 17
Answers on the Grid
Answers color-coded by a green-red scale on the quiz's grid according to % correct below.
Trafalgar Square
Paddington
Coronation Street
Cockfosters
Shepherd's Bush
Downing Street
Cyprus
Victoria
Arsenal
Limehouse
Canary Wharf
St. Enoch
Fulham Broadway
Manchester Road
Shakespeare's Globe
Angel
Fleet Street
Grosvenor Square
Merseyside
Primark Central
Mornington Crescent
Liverpool Street
East Finchley
Buckingham Palace
Walford East
Chancery Lane
Tooting Bec
Marble Hill
Baker Street
Cambridge Circus
Small Heath
Crystal Palace
 
Answer Stats
Answer % Correct
Victoria
91%
Paddington
89%
Cockfosters
83%
Canary Wharf
82%
Angel
79%
Shepherd's Bush
79%
Baker Street
77%
Liverpool Street
77%
Arsenal
73%
Fulham Broadway
71%
East Finchley
67%
Tooting Bec
67%
Mornington Crescent
62%
Chancery Lane
61%
Crystal Palace
44%
Limehouse
44%
Cyprus
32%
No matching quizzes found
Score Distribution
Percent of People with Each Score
Percentile by Number Answered
Your Score History
You have not taken this quiz since the last reset